| 000 | 00424nam a22001457a 4500 | ||
|---|---|---|---|
| 999 |
_c11136 _d11136 |
||
| 008 | 160510b xxu||||| |||| 00| 0 eng d | ||
| 020 | _a9966962212 | ||
| 050 | _aPL 8704 .M34 1997 | ||
| 100 | _aMberia, Kithaka. | ||
| 245 |
_aNatala / _cKithaka Mberia |
||
| 260 |
_aKenya : _bMarimba, _c1997. |
||
| 300 | _aix,61p. | ||
| 650 | _aFasihi | ||
| 942 |
_2lcc _cAFRICANA _hPL 8704 .M34 1997 _0111 |
||